| 000 | 00881nam a2200265 i 4500 | ||
|---|---|---|---|
| 001 | bg | ||
| 100 | 1 | _aSCHUSTER, Heinz Georg | |
| 245 | 1 | 0 |
_aChaos deterministyczny : _bwprowadzenie / _cH. G. Schuster ; [z ang. tł. Piotr Pepłowski, Krzysztof Stefański]. |
| 246 |
_iTyt. oryg.: _aDeterministic chaos |
||
| 260 |
_aWarszawa : _bWydaw. Naukowe PWN, _c1993. |
||
| 300 |
_a274, [2] s., [8] s. fot. kolor. : _brys., wykr. ; _c24 cm. |
||
| 500 | _aOryg. : "Deterministic chaos" 1988. | ||
| 504 | _aBibliogr. s. 248-270. - Indeks. | ||
| 650 | 9 |
_aFizyka _xteoria |
|
| 650 | 9 |
_aGeometria fraktalna _xzagadnienia |
|
| 650 | 9 |
_aMatematyka _xstosowanie _xfizyka |
|
| 650 | 9 | _aTeoria systemów | |
| 020 | _a8301109408 | ||
| 040 | _cBPK | ||
| 041 | 1 |
_apl _hen |
|
| 080 | _a514:517.5:517.9:53 | ||
| 920 | _a83-01-10940-8 | ||
| 942 | _cKS | ||
| 008 | s pl f |000 0 pol | ||
| 999 |
_c36098 _d36098 |
||
| 856 |
_uhttp://koha.tu.koszalin.pl/cgi-bin/koha/opac-detail.pl?biblionumber=36098 _yKatalog online BPK |
||